Sprehľadnenie medzinárodného obchodu Nástupnícka organizácia GATT-u sa volá WTO
Ukončenie Uruguajského kola GATT v decembri 1993. Podpísanie dohody, základné atribúty a ciele dohody. Význam dohody pre Slovensko. Nástupnícka organizácia po GATT je Svetová obchodná organizácia (WTO - World Trade Organization).
Salvato in:
| Autore principale: | |
|---|---|
| Natura: | Capitolo di libro |
| Lingua: | slovacco |
| Soggetti: | |
| Tags: |
Nessun Tag, puoi essere il primo ad aggiungerne!!
|
MARC
| LEADER | 00000naa a2200000 4500 | ||
|---|---|---|---|
| 001 | r000253 | ||
| 005 | 20221213114010.2 | ||
| 041 | 0 | |a slo | |
| 044 | |a SK | ||
| 245 | 1 | 0 | |a Sprehľadnenie medzinárodného obchodu |b Nástupnícka organizácia GATT-u sa volá WTO |c Alexander Sotník |
| 520 | |a Ukončenie Uruguajského kola GATT v decembri 1993. Podpísanie dohody, základné atribúty a ciele dohody. Význam dohody pre Slovensko. Nástupnícka organizácia po GATT je Svetová obchodná organizácia (WTO - World Trade Organization). | ||
| 610 | 2 | 0 | |a Všeobecná dohoda o clách a obchode |
| 610 | 2 | 0 | |a dohody colné |
| 610 | 2 | 0 | |a 1993 |
| 610 | 2 | 0 | |a organizácie medzinárodné |
| 610 | 2 | 0 | |a Svetová obchodná organizácia |
| 610 | 2 | 0 | |a dohody obchodné medzinárodné |
| 100 | 1 | |a Sotník, Alexander | |